000 004440000a22001810004500
003 LK-CoMWRAF
005 20231029210527.0
008 230817t ||||| |||| 00| 0 eng d
040 _aLK-CoMWRAF
_dLK-CoMWRAF
_eLK-CoMWRAF
041 _aeng
082 _a823
_bCOL
100 _aCollins, Wilkie
245 _aThe Woman in White
260 _aLondon :
_bMacmillan company,
_c1971
300 _a111p
650 _aEnglish Fiction
942 _cBK
999 _c1823
_d1823